000 00647nas a2200229 i 4500
001 1082
003 ES-MaACL
005 20250217134026.0
007 t|
008 950801d1908 xxk | | 1 ||ng d
080 _a410
245 0 4 _aThe english review.
260 _aLondon :
_bChapman and Hall Ltd,
_c1908- (
_fBallantyne, etc)
300 _a61 v. ;
_c25 cm.
310 _aMensual
362 0 _aT. I (dic. 1908)-
650 1 4 _aRevistas de información general.
_916896
785 0 7 _aNational review
_d1940
852 _aES-MaACL
_jHem-1028
866 0 _o(1909)1910-34(1935)(1936f.sep.-dic.),(1940f.feb.y ago.).
999 _c1082
_d1082